000
00313nam a22001457a 4500
008
230912b ||||| |||| 00| 0 eng d
020
_a
0080348599
041
_a
eng
080
_a
521
082
_a
521BAI
100
_a
19
101
_a
ASTRO
245
_a
THE ORIGIN OF COMETS
_c
BAILEY .E.M
942
_2
udc
_c
BK
999
_c
60326
_d
60326